Maneskin - Teatro d'Ira songs - Statistics

General Stats
  • This quiz has been taken 467 times
  • The average score is 7 of 8
Answer Stats
Hint Answer % Correct
2 Coraline
92%
4 I wanna be your slave
91%
1 Zitti e Buoni
91%
6 For your love
85%
8 vent'anni
84%
5 In nome del padre
82%
7 La paura del buio
82%
3 Lividi sui gomiti
81%
No matching quizzes found
Score Distribution
Percent of People with Each Score
Percentile by Number Answered
Your Score History
You have not taken this quiz